000 00736nam a2200289Ia 4500
001 63348
003 IT-RoPAU
008 130308s9999 xx 000 0 und d
040 _aIT-RoPAU
040 _cIT-RoPAU
041 _aITALIANO
100 _aStoianova Ivanka
100 _gCodice Aut. SPICS: 554
245 _aTesto-Musica-Senso. Il canto sospeso
245 _bNono (Edt/Musica)
250 _a1a ed.
260 _aTORINO
260 _bEDT
260 _c1987 [1° Ed.:1987 - Ed.Ling.Originale:1987]
300 _a"17 p. (prefazione: no ; testo: 17 [pagine: 126-142])"
650 _aAUTORI/OPERE DI MUSICA
650 _eCodice materia Spics: 7007
942 _cBK
957 _71
999 _c59018
_d59018
999 _bSI
999 _g1